000
00301nam a22001337a 4500
003
SGT
005
20260703112142.0
082
_a
347
_b
SIN
100
_a
SINGH SUMAN
245
_a
NEED & EFFICACY OF COMMERCIAL ARBITRATION IN INDIA
260
_a
GURUGRAM
_b
SGTU
_c
2023
300
_a
118
942
_2
ddc
_c
TH
999
_c
35043
_d
35043